Statistics for Warmest European capital cities in winter (January average mean temperature)

Click here to take the quiz!

General Stats

  • This quiz has been taken 599 times
  • The average score is 9 of 13

Answer Stats

January temperatureCapital city% Correct
7.5°CRome
97%
6.3°CMadrid
96%
9.9°CAthens
95%
11.6°CLisbon
93%
5.0°CParis
84%
5.2°CLondon
68%
10.2°CMonaco
60%
12.2°CValletta
59%
7.0°CTirana
57%
7.5°CVatican City
54%
6.4°CDublin
49%
10.2°CNicosia
42%
5.5°CPodgorica
33%

Score Distribution

Percentile by Number Answered

Percent of People with Each Score

Your Score History

You have not taken this quiz